000 00651nam a22002177a 4500
003 UA-OsUOA
001 120502
007 ta
008 20170207b un ||||| |||| 00| 0 ukr d
100 _aКостура Д.
090 _a94(477)
_bК72
942 _cSA
040 _aUA-OsUOA
_bukr
_cUA-OsUOA
_dUA-OsUOA
245 _aОдна з незламних. про Марію Вітюк - зв'язкову УПА, учасницю Норильського повстання
300 _aС.13
955 _a0
041 _aukr
080 _a94(477)
773 0 _w120500
650 7 _a9 Географія. Біографії. Історія
_2UDC
999 _c406681
_d406681